MARC details
| 000 -LÍDER |
| campo de controle de tamanho fixo |
02209nam a2200325 4500 |
| 001 - NÚMERO DE CONTROLE |
| campo de controle |
375 |
| 003 - IDENTIFICADOR DO NÚMERO DE CONTROLE |
| campo de controle |
OSt |
| 005 - DATA E HORÁRIO DA ÚLTIMA TRANSAÇÃO |
| campo de controle |
20250528074019.0 |
| 008 - CAMPO DE DADOS FIXOS--INFORMAÇÃO GERAL |
| campo de controle de tamanho fixo |
250403b |||||||j |||| 00| 1 eng d |
| 020 ## - ISBN - INTERNATIONAL STANDARD BOOK NUMBER |
| ISBN - International Standard Book Number |
9786555116052 |
| 040 ## - FONTE DA CATALOGAÇÃO |
| Idioma da catalogação |
por |
| 041 ## - CÓDIGO DE IDIOMA |
| Código do idioma do texto/trilha sonora ou título diferente |
por |
| 082 ## - CDD - CLASSIFICAÇÃO DECIMAL DE DEWEY |
| Número de Classificação |
B869.93 |
| Número do exemplar |
M998 |
| 245 ## - TÍTULO |
| Título |
O Mysterio / |
| Indicação de responsabilidade, etc. |
Neto, Coelho ; Peixoto, Alfrânio ; Albuquerque, Medeiros e ; Corrêa, Viriato |
| 260 ## - PUBLICAÇÃO, DISTRIBUIÇÃO, ETC. |
| Local de publicação, distribuição, etc. |
Rio de Janeiro |
| Nome do editor, distribuidor, etc. |
HarperCollins |
| Data da publicação, distribuição, etc. |
2024 |
| 300 ## - DESCRIÇÃO FÍSICA |
| Extensão |
265 p. |
| 520 ## - NOTA DE RESUMO, ETC. |
| Resumo, etc. |
Clube do Crime apresenta o primeiro romance policial brasileiro, com posfácio de Tito Prates.<br/><br/>Pedro Albergaria é um assíduo leitor de romances policiais, mas não apenas pelo prazer da leitura, afinal, os usa como material de estudo para a vingança que planeja contra o banqueiro Sanches Lobo. Tudo está ao seu favor, até a investigação policial - mesmo que os envolvidos não saibam -, no entanto, o major Mello Bandeira não deixará o assassino sair impune.<br/><br/>Com ajuda da sua lanterna furta-fogo - à moda dos detetives em outras partes do mundo -, o investigador acaba no meio de uma trama envolvendo um número razoável de homens chamados Pedro e mulheres chamadas Rosa. E caberá ao Sherlock dos trópicos descobrir quem, dentre os vários suspeitos, foi o responsável por matar o banqueiro.<br/><br/>Considerado o primeiro romance policial da literatura brasileira, O mystério é um clássico nacional perdido, cuja primeira publicação em forma de folhetim ocorreu há mais de cem anos, em 1920, no jornal A folha. Com um singular estilo de escrita, esta é uma divertida e imperdível história, autoral de grandes nomes da história do Brasil: Afrânio Peixoto, Coelho Neto, & (Medeiros e Albuquerque) e Viriato Corrêa.<br/> |
| 650 #0 - ASSUNTO--TERMO TÓPICO |
| Cabeçalho tópico ou nome geográfico |
Literatura Brasileira |
| 9 (RLIN) |
205 |
| 650 #0 - ASSUNTO--TERMO TÓPICO |
| Cabeçalho tópico ou nome geográfico |
Romance Policial |
| 9 (RLIN) |
11 |
| 650 #0 - ASSUNTO--TERMO TÓPICO |
| Cabeçalho tópico ou nome geográfico |
Suspense |
| 9 (RLIN) |
10 |
| 650 #0 - ASSUNTO--TERMO TÓPICO |
| Cabeçalho tópico ou nome geográfico |
Mistério |
| 9 (RLIN) |
42 |
| 650 #0 - ASSUNTO--TERMO TÓPICO |
| Cabeçalho tópico ou nome geográfico |
Clássico Nacional |
| 9 (RLIN) |
772 |
| 655 #0 - TERMO DE ÍNDICE--GÊNERO E FORMA |
| Gênero/forma/ou termo foco |
Romance |
| 655 #0 - TERMO DE ÍNDICE--GÊNERO E FORMA |
| Gênero/forma/ou termo foco |
Ficção |
| 700 ## - ENTRADA ADICIONADA - NOME PESSOAL |
| Nome pessoal |
Neto Coelho |
| Datas associadas ao nome |
1864- 1934 |
| Função do autor por extenso |
Escritor |
| 9 (RLIN) |
775 |
| 700 ## - ENTRADA ADICIONADA - NOME PESSOAL |
| Nome pessoal |
Peixoto Alfrânio |
| Datas associadas ao nome |
1876- 1947 |
| Função do autor por extenso |
Escritor |
| 9 (RLIN) |
776 |
| 700 ## - ENTRADA ADICIONADA - NOME PESSOAL |
| Nome pessoal |
Albuquerque e Medeiros |
| Datas associadas ao nome |
1867- 1934 |
| Função do autor por extenso |
Escritor |
| 9 (RLIN) |
777 |
| 700 ## - ENTRADA ADICIONADA - NOME PESSOAL |
| Nome pessoal |
Corrêa Viriato |
| Datas associadas ao nome |
1884- 1967 |
| Função do autor por extenso |
Escritor |
| 942 ## - ELEMENTOS DE ENTRADA ADICIONADOS (KOHA) |
| Fonte de classificação ou esquema de arquivamento |
Classificação decimal de Dewey |
| Ocultar no OPAC |
Não |
| Tipo de material Koha |
Livros |